000
00212 a2200097 4500
001
42177
100
_a
Nayler J L
245
_a
Dictionary of Aeronautical Engineering
260
_a
_b
_c
090
_c
26166
_d
26166
942
_a
NUST-CAE
_c
M
_c
17965
999
_c
277250
_d
277250